O výške spravodlivého zadosťučinenia priznávaného na vnútroštátnej úrovni za prieťhy v konaní z pohľadu najnovšej judikatúry Európskeho súdu pre ľudské práva

Bibliographic Details
Main Author: Pirošíková, Marica, 1976- (Author)
Format: Article
Language:Slovak
ISSN:1335-6461
Subjects:

MARC

LEADER 00000nab a2200000 a 4500
001 vtls008627948
003 SK-MaSNL
005 20260304135315.0
008 250505c2005 xo mr|p|||||||000 b|slo
015 |a SNBRB2006/03 
035 |a (uuid)608d766a-74c1-4f33-b108-42d6d734ac07 
035 |a urn:nbn:sk:snk-abwr4 
035 |a (urnnbn)urn:nbn:sk:snk:ar-00513x 
038 |a SNKBUCL 
040 |a SNKBUCL  |b slo  |c SNKBUCL  |e AACR2 
041 0 |a slo  |b eng 
044 |a xo  |c SK 
080 |a 341.64  |2 1997 
080 |a 342.7  |2 1997 
080 |a 341.637  |2 1997 
100 1 |a Pirošíková, Marica,  |d 1976-  |4 aut  |9 155832 
245 1 0 |a O výške spravodlivého zadosťučinenia priznávaného na vnútroštátnej úrovni za prieťhy v konaní z pohľadu najnovšej judikatúry Európskeho súdu pre ľudské práva  |c Marica Pirošíková 
504 |a Bibliogr. odkazy 
546 |a Res, angl. 
650 0 7 |a prieťahy v konaní  |2 snkbucl  |9 1032677 
650 0 7 |a súdne konanie  |2 snkbucl  |9 29180 
650 0 7 |a ľudské práva  |2 snkbucl  |9 798 
773 0 |t Justičná revue  |g Roč.57, č. 6-7 (2005), s.794-806  |x 1335-6461 
850 |a Slovenská národná knižnica 
852 |a Slovenská národná knižnica 
954 |a odborná, vedecká literatúra pôvodná (slovenská)  |2 lita 
958 |a article27 
958 |a OND 
958 |a NB 
958 |a EUIPO 
999 |c 2910213  |d 2912143